Региональный научный круглый стол "Роль молодежи в защите Отечества: прошлое и современность", Курск, 7 февраля 2025 года (Запись № 13509586)

Подробности
000 -МАРКЕР
контрольное поле 02162nam0a2200349 4500
001 - ИДЕНТИФИКАТОР ЗАПИСИ
контрольное поле RU\NLR\BIBL_A\022633580
005 - ИДЕНТИФИКАТОР ВЕРСИИ
контрольное поле 20251225145836.0
010 ## - МЕЖДУНАРОДНЫЙ СТАНДАРТНЫЙ НОМЕР КНИГИ (ISBN)
Номер (ISBN) 978-5-00261-384-7
Тираж 100
021 ## - НОМЕР ГОСУДАРСТВЕННОЙ РЕГИСТРАЦИИ
Код страны Российская Федерация
Номер КН-П-25-048463
Номер Листа государственной регистраци КН-П-25-4691
035 ## - ДРУГИЕ СИСТЕМНЫЕ НОМЕРА
Идентификатор записи (NLR Aleph) 022633580
100 ## - ДАННЫЕ ОБЩЕЙ ОБРАБОТКИ
Данные общей обработки 20250930d2025 k y0rusy50 ca
101 0# - ЯЗЫК РЕСУРСА
Язык текста, звукозаписи и т.д. русский
102 ## - СТРАНА ПУБЛИКАЦИИ ИЛИ ПРОИЗВОДСТВА
Страна публикации Российская Федерация
105 ## - ПОЛЕ КОДИРОВАННЫХ ДАННЫХ: ТЕКСТОВЫЕ МАТЕРИАЛЫ, МОНОГРАФИЧЕСКИЕ
Кодированные данные о монографическом текстовом документе ac z 100zy
181 #0 - ПОЛЕ КОДИРОВАННЫХ ДАННЫХ: ВИД СОДЕРЖАНИЯ
Код вида содержания (ISBD) i3
Код характеристики содержания (ISBD) axxe
182 #0 - ПОЛЕ КОДИРОВАННЫХ ДАННЫХ: ТИП СРЕДСТВА
Код типа средства (ISBD) n - непосредственное
200 1# - ЗАГЛАВИЕ И СВЕДЕНИЯ ОБ ОТВЕТСТВЕННОСТИ
Основное заглавие Региональный научный круглый стол "Роль молодежи в защите Отечества: прошлое и современность", Курск, 7 февраля 2025 года
Сведения, относящиеся к заглавию сборник научный статей
Первые сведения об ответственности Российское военно-историческое общество, [Курское региональное отделение], Курский областной краеведческий музей
Последующие сведения об ответственности редакционная коллегия: ... кандидат исторических наук Л. С. Холтобина (ответственный редактор-составитель)
203 ## - ВИД СОДЕРЖАНИЯ И ТИП СРЕДСТВА
Вид содержания Текст
Дополнительные сведения об издании визуальный
Тип средства непосредственный
210 ## - ПУБЛИКАЦИЯ, РАСПРОСТРАНЕНИЕ И ДР.
Место издания, распространения и т.д. Курск
Имя издателя, распространителя и т. д. Университетская книга
Дата издания, распространения и т.д. 2025
215 ## - ФИЗИЧЕСКАЯ ХАРАКТЕРИСТИКА
Специфическое обозначение материала и объем 186 с.
Другие сведения о физической характеристике ил., портр.
Размеры 21
320 ## - ПРИМЕЧАНИЯ О НАЛИЧИИ В ДОКУМЕНТЕ БИБЛИОГРАФИИ / УКАЗАТЕЛЯ
Текст примечания Библиогр. в конце ст.
606 1# - НАИМЕНОВАНИЕ ТЕМЫ КАК ПРЕДМЕТ
Наименование темы Молодежь
Формальный подзаголовок Съезды, совещания и т.п
Тематический подзаголовок Патриотическое воспитание
Географический подзаголовок Российская Федерация
Системный номер авторитетной/нормативной записи 2092280
Идентификатор авторитетной/нормативной записи RU\NLR\AUTH\661266290
607 ## - ГЕОГРАФИЧЕСКОЕ НАИМЕНОВАНИЕ КАК ПРЕДМЕТ
Географическое наименование Россия
Формальный подзаголовок Съезды, совещания и т.п
Тематический подзаголовок Военная история
Системный номер авторитетной/нормативной записи 2282711
Идентификатор авторитетной/нормативной записи RU\NLR\AUTH\661367545
686 1# - ИНДЕКСЫ ДРУГИХ КЛАССИФИКАЦИЙ
Индекс Ц35(2)я431(2)
686 1# - ИНДЕКСЫ ДРУГИХ КЛАССИФИКАЦИЙ
Индекс Ц4,6(2Р)915я431(2)
710 12 - НАИМЕНОВАНИЕ ОРГАНИЗАЦИИ - ПЕРВИЧНАЯ ОТВЕТСТВЕННОСТЬ
Начальный элемент ввода "Роль молодежи в защите Отечества: прошлое и современность", региональный научный круглый стол
Место проведения временной организации Курск
Дата проведения временной организации 2025
Системный номер авторитетной/нормативной записи 2679877
Идентификатор авторитетной/нормативной записи RU\NLR\AUTH\880632040
942 ## - ДОПОЛНИТЕЛЬНЫЕ ЭЛЕМЕНТЫ ЗАПИСИ (АБИС)
Тип экземпляра АБИС Книга
980 ## - КОЛЛЕКЦИЯ
Название коллекции Национальная библиография

Нет доступных экземпляров.